Radiographic anatomy, positioning, and procedures : Unit 20 - Skull
Sparad:
| Materialtyp: | Bok |
|---|---|
| Språk: | Undetermined |
| Publicerad: |
USA
Mosby - Year Book
1995
|
| Ämnen: | |
| Taggar: |
Lägg till en tagg
Inga taggar, Lägg till första taggen!
|
| Thư viện lưu trữ: | Trung tâm Học liệu Trường Đại học Cần Thơ |
|---|
| LEADER | 00591nam a2200193Ia 4500 | ||
|---|---|---|---|
| 001 | CTU_171822 | ||
| 008 | 210402s9999 xx 000 0 und d | ||
| 082 | |a 617.5140757 | ||
| 082 | |b R129/P.3 | ||
| 245 | 0 | |a Radiographic anatomy, positioning, and procedures : | |
| 245 | 0 | |b Unit 20 - Skull | |
| 245 | 0 | |c All rights reserved | |
| 260 | |a USA | ||
| 260 | |b Mosby - Year Book | ||
| 260 | |c 1995 | ||
| 650 | |a Sọ,Skull,Trung tâm Học liệu ĐHCT | ||
| 650 | |x Chụp ảnh phóng xạ,Radiographic | ||
| 904 | |i Phương | ||
| 980 | |a Trung tâm Học liệu Trường Đại học Cần Thơ | ||